[Event "Mitropa Cup Open 2019"]
[Site "Radenci"]
[Date "2019.05.31"]
[Round "5.8"]
[White "Miesbauer, Jan"]
[Black "Eugene, Floryan"]
[Result "1-0"]
[WhiteElo "2407"]
[BlackElo "2303"]
[Annotator "ChessBase"]
[PlyCount "113"]
[EventDate "2019.05.27"]
[EventType "team-tourn"]
[EventCountry "SLO"]
[SourceTitle "playchess.com"]
[Source "ChessBase"]
[SourceQuality "1"]
[WhiteTeam "Czech Republic"]
[BlackTeam "France"]
[WhiteTeamCountry "CZE"]
[BlackTeamCountry "FRA"]
[TimeControl "40/5400+30:1800+30"]

1. e4 {[%emt 0:00:00]} e5 {[%emt 0:00:00]} 2. Nf3 {[%emt 0:00:00]} Nc6 {[%emt 0:00:00]} 3. Bb5 {[%emt 0:00:00]} Nge7 {[%emt 0:00:41]} 4. c3 {[%emt 0:00:38]} g6 {[%emt 0:00:54]} 5. O-O {[%emt 0:00:38]} Bg7 {[%emt 0:00:09]} 6. d4 {[%emt 0:01:04]} exd4 {[%emt 0:00:30]} 7. cxd4 {[%emt 0:00:07]} d5 {[%emt 0:00:05]} 8. exd5 {[%emt 0:00:33]} Nxd5 {[%emt 0:00:14]} 9. Bg5 {[%emt 0:01:06]} Qd6 {[%emt 0:00:37]} 10. Re1+ {[%emt 0:00:27]} Be6 {[%emt 0:00:10]} 11. Nbd2 {[%emt 0:02:19]} O-O {[%emt 0:00:23]} 12. Ne4 {[%emt 0:02:00]} Qb4 {[%emt 0:00:26]} 13. Bxc6 {[%emt 0:01:05]} bxc6 {[%emt 0:00:03]} 14. Qd2 {[%emt 0:00:39]} Rab8 {[%emt 0:20:54]} 15. b3 {[%emt 0:09:06]} Qa3 {[%emt 0:11:49]} 16. Bh6 {[%emt 0:02:54]} Rfe8 {[%emt 0:04:47]} 17. Bxg7 {[%emt 0:01:26]} Kxg7 {[%emt 0:00:03]} 18. Ne5 {[%emt 0:04:00]} Nb4 {[%emt 0:10:41]} 19. Nc5 {[%emt 0:07:34]} h5 {[%emt 0:20:38]} 20. Qf4 {[%emt 0:10:21]} Bf5 {[%emt 0:04:09]} 21. Nc4 {[%emt 0:12:17]} Rxe1+ {[%emt 0:04:22]} 22. Rxe1 {[%emt 0:00:06]} Qxa2 {[%emt 0:00:02]} 23. Qxc7 {[%emt 0:00:44]} Re8 {[%emt 0:03:24]} 24. Ne5 {[%emt 0:01:32]} Rf8 {[%emt 0:00:28]} 25. h3 {[%emt 0:03:55]} Nc2 {[%emt 0:02:18]} 26. Rd1 {[%emt 0:06:09]} Nxd4 {[%emt 0:05:13]} 27. Nxg6 {[%emt 0:20:38]} Ne2+ {[%emt 0:04:19]} 28. Kf1 {[%emt 0:00:06]} Qc2 {[%emt 0:02:11]} 29. Re1 {[%emt 0:00:49]} Kxg6 {[%emt 0:04:01]} 30. Qd6+ {[%emt 0:00:39]} Kg7 {[%emt 0:00:04]} 31. Rxe2 {[%emt 0:00:45]} Qc1+ {[%emt 0:00:41]} 32. Re1 {[%emt 0:00:06]} Qg5 {[%emt 0:01:03]} 33. Qe5+ {[%emt 0:05:19]} Qf6 {[%emt 0:00:39]} 34. Qxf6+ {[%emt 0:04:40]} Kxf6 {[%emt 0:00:03]} 35. Ra1 {[%emt 0:00:21]} Ra8 {[%emt 0:00:33]} 36. Ra6 {[%emt 0:00:26]} Ke5 {[%emt 0:00:50]} 37. Rxc6 {[%emt 0:00:31]} Kd5 {[%emt 0:00:31]} 38. Rc7 {[%emt 0:01:01]} Bc2 {[%emt 0:00:28]} 39. b4 {[%emt 0:00:27]} a5 {[%emt 0:00:21]} 40. bxa5 {[%emt 0:00:00]} Kd6 {[%emt 0:00:00]} 41. Rxf7 {[%emt 0:03:02]} Kxc5 {[%emt 0:02:50]} 42. Rc7+ {[%emt 0:00:44]} Kd4 {[%emt 0:02:02]} 43. Rxc2 {[%emt 0:00:07]} Rxa5 {[%emt 0:00:01]} 44. Kg1 {[%emt 0:01:30]} Ke4 {[%emt 0:00:22]} 45. Kh2 {[%emt 0:00:28]} Kf4 {[%emt 0:00:18]} 46. Rc4+ {[%emt 0:00:16]} Kg5 {[%emt 0:00:03]} 47. h4+ {[%emt 0:00:48]} Kf5 {[%emt 0:00:26]} 48. Kg3 {[%emt 0:01:36]} Ra3+ {[%emt 0:00:10]} 49. f3 {[%emt 0:00:05]} Ra5 {[%emt 0:00:02]} 50. Rc8 {[%emt 0:00:16]} Ra7 {[%emt 0:00:54]} 51. Rg8 {[%emt 0:01:24]} Rh7 {[%emt 0:00:08]} 52. Rg5+ {[%emt 0:00:08]} Kf6 {[%emt 0:00:00]} 53. Kh3 {[%emt 0:00:18]} Rh8 {[%emt 0:00:05]} 54. g4 {[%emt 0:00:41]} hxg4+ {[%emt 0:00:07]} 55. fxg4 {[%emt 0:00:05]} Ra8 {[%emt 0:00:05]} 56. Rf5+ {[%emt 0:00:06]} Kg6 {[%emt 0:00:07]} 57. h5+ {[%emt 0:00:05] Kf6} 1-0

[Event "Mitropa Cup Open 2019"]
[Site "Radenci"]
[Date "2019.05.31"]
[Round "5.9"]
[White "Gazik, Viktor"]
[Black "Perske, Thore"]
[Result "1-0"]
[WhiteElo "2520"]
[BlackElo "2456"]
[Annotator "TA"]
[PlyCount "47"]
[EventDate "2019.05.27"]
[EventType "team-tourn"]
[EventCountry "SLO"]
[SourceTitle "playchess.com"]
[Source "ChessBase"]
[SourceQuality "1"]
[WhiteTeam "Slovakia"]
[BlackTeam "Germany"]
[WhiteTeamCountry "SVK"]
[BlackTeamCountry "GER"]

{[%evp 16,47,45,50,99,97,109,102,125,137,113,117,116,126,284,292,484,478,472,461,458,436,560,449,450,438,421,435,422,429,1178,1160,1111,1083]} 1. e4 e6 2. d4 d5 3. Nc3 Nf6 4. Bg5 Be7 5. e5 Nfd7 6. h4 a6 7. Qg4 Bxg5 8. hxg5 c5 9. dxc5 Nc6 {C14: French: Classical System: 4 Bg5 Be7 main line} 10. Nf3 (10. O-O-O Qe7 11. f4 Qxc5 12. Nf3 Nf8 13. Bd3 Bd7 14. Ne2 O-O-O 15. a3 Kb8 16. Kb1 Rc8 17. Qg3 {1-0 (49) Kosteniuk,A (2537)-Feygin,M (2468) Belgium 2017}) 10... Qe7 11. Qg3 Qxc5 {[#]White is better.} 12. g6 $1 {[%mdl 512]} fxg6 {[#]} 13. Rxh7 $1 {[%mdl 576] Remove Defender, Decoy} Rxh7 14. Qxg6+ {[%mdl 64] Double Attack} Kf8 $146 (14... Kd8 $16 15. Qxh7 Qe7) ({Predecessor:} 14... Kd8 15. Qxh7 d4 16. Nd1 Ndxe5 17. Qh8+ {1-0 (66) Sliwicka,A (2217)-Dobrotka,M (2177) Vysna Boca 2017}) 15. Qxh7 $18 Ncxe5 $2 (15... Ke8 16. Qxg7 Qf8) 16. Qh8+ {White is clearly winning.} Ke7 {intending ...Nxf3+.} 17. Qxg7+ {[%mdl 64] Double Attack} Nf7 18. Bd3 ({Not} 18. Ng5 Nde5 $18) 18... Qb4 19. g3 Ke8 {If only Black now had time for ...Qf8....} 20. Bg6 Qf8 21. Qh7 Nf6 22. Qh4 Qg7 (22... Ke7 $142 23. Ne5 Nd6) 23. Ne5 Ke7 24. Bxf7 {Accuracy: White = 96%, Black = 40%.} 1-0

[Event "Mitropa Cup Open 2019"]
[Site "Radenci"]
[Date "2019.05.31"]
[Round "5.10"]
[White "Kunin, Vitaly"]
[Black "Druska, Juraj"]
[Result "1/2-1/2"]
[WhiteElo "2518"]
[BlackElo "2460"]
[Annotator "TA"]
[PlyCount "67"]
[EventDate "2019.05.27"]
[EventType "team-tourn"]
[EventCountry "SLO"]
[SourceTitle "playchess.com"]
[Source "ChessBase"]
[SourceQuality "1"]
[WhiteTeam "GER"]
[BlackTeam "SVK"]
[BlackTeamCountry "SVK"]

{[%evp 9,67,18,20,19,20,7,7,9,9,-6,-6,-4,-5,-8,-9,-10,0,-3,-3,-11,22,0,0,0,4,0,2,0,0,0,6,0,0,0,0,0,0,-105,0,0,0,-119,-127,-100,-99,-103,-117,-81,-96,-95,-87,-144,-81,-87,0,-142,0,-87,0,-90]} 1. d4 Nf6 2. c4 e6 3. Nf3 d5 4. Nc3 a6 5. c5 (5. cxd5 exd5 6. Bg5 Be6 7. e3 Nbd7 8. Bd3 h6 9. Bf4 g5 10. Bg3 Nh5 11. Be5 Nhf6 12. Bg3 Nh5 13. Ne2 Nxg3 14. Nxg3 {1-0 (61) Leko,P (2679)-Caruana,F (2832) Germany 2019}) 5... b6 6. cxb6 $1 {D37: Queen's Gambit Declined: 5 Bf4} cxb6 7. Bg5 Bb7 8. e3 Be7 $146 ({Predecessor:} 8... Nbd7 9. Bd3 Bd6 10. O-O O-O 11. Rc1 b5 12. e4 dxe4 13. Nxe4 Be7 14. Nc5 Bd5 15. a3 Ra7 16. Re1 Qa8 17. Be2 h6 18. Bh4 Rd8 19. Qc2 Nb6 20. b3 Nc8 21. Red1 Nd6 {½-½ (40) Peng,X (2438)-Idani,P (2611) Tianjin 2018}) 9. Bxf6 Bxf6 10. Bd3 O-O 11. Rc1 b5 12. O-O Nc6 13. Bb1 Rc8 14. Ne2 e5 (14... g6 {with more complications.} 15. Qd2 Qa5 16. Qd1 e5 17. a3 Qb6) 15. dxe5 Nxe5 16. Nxe5 Bxe5 17. Rxc8 Bxc8 18. h3 g6 19. Qd2 Qh4 20. Rd1 Bxh3 {Threatens to win with ...Bg4.} 21. gxh3 Qxh3 {( -> ...Bh2+)} 22. f4 Bf6 23. Qxd5 {[#]} (23. Nc3 $11 {remains equal.}) 23... Qxe3+ (23... Rd8 $1 $17 {[%cal Rd8d5]} 24. Qxd8+ Bxd8 25. Rxd8+ Kg7) 24. Kf1 $11 Rd8 $40 {[%mdl 128] Black mounts an attack.} 25. Qxd8+ (25. Qb3 $1 $11 Rxd1+ 26. Qxd1) 25... Bxd8 $17 26. Rxd8+ Kg7 27. Rd3 Qe4 {[%mdl 1024] Black has strong compensation.} 28. Kf2 Qh1 29. Bc2 h5 30. Bb3 {[#]} (30. Rd1 $142 Qh4+ 31. Kf1) 30... Qh2+ ({Black should try} 30... Qh4+ $1 31. Kf1 Qh1+ 32. Kf2 Qh4+ 33. Kf1 Qg4) 31. Kf1 Qh1+ (31... Qh4 $142) 32. Kf2 Qh2+ (32... Qh4+ $142 33. Rg3 Qd8) 33. Kf1 $1 Qh1+ 34. Kf2 {Accuracy: White = 58%, Black = 46%.} 1/2-1/2

[Event "Mitropa Cup Open 2019"]
[Site "Radenci"]
[Date "2019.05.31"]
[Round "5.11"]
[White "Pechac, Jergus"]
[Black "Lagunow, Raphael"]
[Result "1/2-1/2"]
[WhiteElo "2461"]
[BlackElo "2420"]
[Annotator "ChessBase"]
[PlyCount "116"]
[EventDate "2019.05.27"]
[EventType "team-tourn"]
[EventCountry "SLO"]
[SourceTitle "playchess.com"]
[Source "ChessBase"]
[SourceQuality "1"]
[WhiteTeam "Slovakia"]
[BlackTeam "Germany"]
[WhiteTeamCountry "SVK"]
[BlackTeamCountry "GER"]
[TimeControl "40/5400+30:1800+30"]

1. d4 {[%emt 0:02:31]} d5 {[%emt 0:00:00]} 2. c4 {[%emt 0:00:09]} c6 {[%emt 0:00:00]} 3. Nf3 {[%emt 0:00:08]} Nf6 {[%emt 0:00:00]} 4. Nc3 {[%emt 0:00:06]} e6 {[%emt 0:00:08]} 5. Bg5 {[%emt 0:00:45]} dxc4 {[%emt 0:00:08]} 6. e4 {[%emt 0:00:18]} b5 {[%emt 0:00:07]} 7. e5 {[%emt 0:00:04]} h6 {[%emt 0:00:21]} 8. Bh4 {[%emt 0:00:03]} g5 {[%emt 0:00:09]} 9. Nxg5 {[%emt 0:00:05]} hxg5 {[%emt 0:00:23]} 10. Bxg5 {[%emt 0:00:04]} Nbd7 {[%emt 0:00:12]} 11. g3 {[%emt 0:00:18]} Bb7 {[%emt 0:03:02]} 12. Bg2 {[%emt 0:00:06]} Qb6 {[%emt 0:00:44]} 13. exf6 {[%emt 0:00:25]} c5 {[%emt 0:00:44]} 14. d5 {[%emt 0:00:05]} O-O-O {[%emt 0:00:05]} 15. O-O {[%emt 0:00:04]} b4 {[%emt 0:00:50]} 16. Na4 {[%emt 0:00:23]} Qa6 {[%emt 0:01:45]} 17. a3 {[%emt 0:00:06]} Bxd5 {[%emt 0:01:30]} 18. Bxd5 {[%emt 0:02:48]} Ne5 {[%emt 0:00:15]} 19. Nxc5 {[%emt 0:00:19]} Bxc5 {[%emt 0:01:16]} 20. Qe2 {[%emt 0:00:17]} exd5 {[%emt 0:54:27]} 21. Qxe5 {[%emt 0:00:07]} b3 {[%emt 0:01:48]} 22. Rae1 {[%emt 0:00:06]} Qd6 {[%emt 0:02:13]} 23. Qc3 {[%emt 0:02:05]} Qd7 {[%emt 0:12:17]} 24. h4 {[%emt 0:00:57]} Qc6 {[%emt 0:02:56]} 25. Re7 {[%emt 0:00:56]} Bxe7 {[%emt 0:03:13]} 26. fxe7 {[%emt 0:00:13]} Rde8 {[%emt 0:00:12]} 27. Re1 {[%emt 0:00:30]} Rhg8 {[%emt 0:00:59]} 28. Qa5 {[%emt 0:20:34]} Rg6 {[%emt 0:03:39]} 29. Qxa7 {[%emt 0:03:46]} Re6 {[%emt 0:00:17]} 30. Rxe6 {[%emt 0:04:21]} fxe6 {[%emt 0:00:02]} 31. Bf6 {[%emt 0:00:49]} Qc7 {[%emt 0:06:08]} 32. Qxc7+ {[%emt 0:05:04]} Kxc7 {[%emt 0:00:01]} 33. h5 {[%emt 0:00:09]} d4 {[%emt 0:01:42]} 34. Bxd4 {[%emt 0:05:58]} Rxe7 {[%emt 0:00:02]} 35. Be5+ {[%emt 0:07:04]} Kc6 {[%emt 0:00:21]} 36. g4 {[%emt 0:02:21]} Kd5 {[%emt 0:00:32]} 37. f4 {[%emt 0:00:47]} Rh7 {[%emt 0:01:39]} 38. Kf2 {[%emt 0:01:13]} Ke4 {[%emt 0:00:16]} 39. Kg3 {[%emt 0:01:24]} Rd7 {[%emt 0:01:25]} 40. h6 {[%emt 0:00:00]} Rd3+ {[%emt 0:00:00]} 41. Kg2 {[%emt 0:10:57]} Rd2+ {[%emt 0:06:58]} 42. Kg1 {[%emt 0:01:34]} Rd1+ {[%emt 0:01:10]} 43. Kf2 {[%emt 0:00:41]} Rd2+ {[%emt 0:01:00]} 44. Kf1 {[%emt 0:06:13]} Kf3 {[%emt 0:08:38]} 45. Ke1 {[%emt 0:00:20]} Re2+ {[%emt 0:01:13]} 46. Kd1 {[%emt 0:05:19]} Rh2 {[%emt 0:00:39]} 47. h7 {[%emt 0:00:28]} Rxh7 {[%emt 0:03:09]} 48. Kd2 {[%emt 0:00:06]} Rh2+ {[%emt 0:11:35]} 49. Kc3 {[%emt 0:06:58]} Rc2+ {[%emt 0:00:06]} 50. Kb4 {[%emt 0:00:05]} Kxg4 {[%emt 0:00:50]} 51. a4 {[%emt 0:00:08]} c3 {[%emt 0:01:43]} 52. Kxb3 {[%emt 0:01:57]} Rxb2+ {[%emt 0:00:37]} 53. Kxc3 {[%emt 0:00:04]} Rb1 {[%emt 0:00:28]} 54. Kc4 {[%emt 0:01:20]} Rc1+ {[%emt 0:01:11]} 55. Kb5 {[%emt 0:09:32]} Rb1+ {[%emt 0:00:14]} 56. Kc6 {[%emt 0:00:16]} Rc1+ {[%emt 0:00:35]} 57. Kb5 {[%emt 0:00:31]} Rb1+ {[%emt 0:00:04]} 58. Kc6 {[%emt 0:00:04]} Rc1+ {[%emt 0:00:04]} 1/2-1/2

[Event "Mitropa Cup Open 2019"]
[Site "Radenci"]
[Date "2019.05.31"]
[Round "5.12"]
[White "Schmidek, Emil"]
[Black "Sahidi, Samir"]
[Result "1/2-1/2"]
[WhiteElo "2396"]
[BlackElo "2400"]
[Annotator "ChessBase"]
[PlyCount "114"]
[EventDate "2019.05.27"]
[EventType "team-tourn"]
[EventCountry "SLO"]
[SourceTitle "playchess.com"]
[Source "ChessBase"]
[SourceQuality "1"]
[WhiteTeam "Germany"]
[BlackTeam "Slovakia"]
[WhiteTeamCountry "GER"]
[BlackTeamCountry "SVK"]
[TimeControl "40/5400+30:1800+30"]

1. e4 {[%emt 0:00:00]} c5 {[%emt 0:00:00]} 2. Nf3 {[%emt 0:00:00]} e6 {[%emt 0:00:27]} 3. d4 {[%emt 0:00:00]} cxd4 {[%emt 0:00:05]} 4. Nxd4 {[%emt 0:00:00]} a6 {[%emt 0:00:23]} 5. Bd3 {[%emt 0:00:00]} Nc6 {[%emt 0:00:23]} 6. Nb3 {[%emt 0:00:05]} Nf6 {[%emt 0:00:50]} 7. Qe2 {[%emt 0:01:36]} Nb4 {[%emt 0:01:20]} 8. Nc3 {[%emt 0:02:32]} Nxd3+ {[%emt 0:00:40]} 9. cxd3 {[%emt 0:00:25]} Be7 {[%emt 0:00:30]} 10. e5 {[%emt 0:04:22]} Nd5 {[%emt 0:00:58]} 11. Nxd5 {[%emt 0:05:04]} exd5 {[%emt 0:00:04]} 12. Qg4 {[%emt 0:00:35]} Bf8 {[%emt 0:00:21]} 13. Qd4 {[%emt 0:10:42]} d6 {[%emt 0:00:35]} 14. O-O {[%emt 0:05:25]} Be6 {[%emt 0:00:44]} 15. Bf4 {[%emt 0:05:25]} Be7 {[%emt 0:01:39]} 16. exd6 {[%emt 0:01:08]} Bf6 {[%emt 0:00:05]} 17. Be5 {[%emt 0:00:07]} Bxe5 {[%emt 0:00:16]} 18. Qxe5 {[%emt 0:00:07]} O-O {[%emt 0:00:03]} 19. Rac1 {[%emt 0:15:24]} Qb6 {[%emt 0:00:30]} 20. Rc7 {[%emt 0:03:06]} Rad8 {[%emt 0:00:50]} 21. Rfc1 {[%emt 0:02:39]} Rxd6 {[%emt 0:13:19]} 22. Rxb7 {[%emt 0:02:04]} Qxb7 {[%emt 0:00:27]} 23. Qxd6 {[%emt 0:00:03]} d4 {[%emt 0:00:23]} 24. Qxd4 {[%emt 0:04:48]} Bxb3 {[%emt 0:00:07]} 25. axb3 {[%emt 0:00:04]} Qxb3 {[%emt 0:00:07]} 26. g3 {[%emt 0:00:39]} h6 {[%emt 0:01:42]} 27. Qc3 {[%emt 0:03:55]} Rb8 {[%emt 0:02:16]} 28. Rc2 {[%emt 0:00:53]} Qd5 {[%emt 0:01:08]} 29. Qc4 {[%emt 0:08:28]} Qf3 {[%emt 0:01:59]} 30. Rd2 {[%emt 0:00:47]} Re8 {[%emt 0:01:17]} 31. Qc1 {[%emt 0:00:27]} h5 {[%emt 0:01:32]} 32. h4 {[%emt 0:02:06]} g5 {[%emt 0:01:08]} 33. hxg5 {[%emt 0:03:46]} h4 {[%emt 0:00:38]} 34. Qd1 {[%emt 0:00:09]} Qf5 {[%emt 0:02:35]} 35. Re2 {[%emt 0:04:47]} Rb8 {[%emt 0:04:43]} 36. Qa4 {[%emt 0:05:17]} hxg3 {[%emt 0:00:45]} 37. Re8+ {[%emt 0:00:16]} Rxe8 {[%emt 0:00:20]} 38. Qxe8+ {[%emt 0:00:02]} Kg7 {[%emt 0:00:10]} 39. fxg3 {[%emt 0:01:01]} Qc5+ {[%emt 0:02:24]} 40. Kg2 {[%emt 0:00:00]} Qc2+ {[%emt 0:00:00]} 41. Kh3 {[%emt 0:04:42]} Qxb2 {[%emt 0:00:59]} 42. Qd8 {[%emt 0:02:23]} Qe5 {[%emt 0:01:56]} 43. d4 {[%emt 0:00:55]} Qf5+ {[%emt 0:00:18]} 44. Kg2 {[%emt 0:00:22]} Qe4+ {[%emt 0:13:38]} 45. Kf2 {[%emt 0:00:35]} Qc2+ {[%emt 0:02:11]} 46. Kf3 {[%emt 0:00:34]} Qd3+ {[%emt 0:02:39]} 47. Kf2 {[%emt 0:00:24]} Qf5+ {[%emt 0:02:32]} 48. Kg2 {[%emt 0:00:07]} Kg6 {[%emt 0:06:13]} 49. d5 {[%emt 0:00:52]} Qxg5 {[%emt 0:02:38]} 50. Qb6+ {[%emt 0:00:08]} f6 {[%emt 0:01:02]} 51. Qd4 {[%emt 0:10:06]} Qe5 {[%emt 0:03:40]} 52. Qd3+ {[%emt 0:06:21]} Qf5 {[%emt 0:00:34]} 53. Qd2 {[%emt 0:02:23]} Qe4+ {[%emt 0:10:09]} 54. Kh2 {[%emt 0:01:31]} Kf7 {[%emt 0:01:52]} 55. Qa2 {[%emt 0:03:39]} Ke7 {[%emt 0:04:57]} 56. Qa3+ {[%emt 0:00:11]} Kf7 {[%emt 0:01:22]} 57. Qa2 {[%emt 0:02:21]} Ke7 {[%emt 0:01:52]} 1/2-1/2

[Event "Mitropa Cup Open 2019"]
[Site "Radenci"]
[Date "2019.05.31"]
[Round "5.13"]
[White "Jovanic, Ognjen"]
[Black "Dragnev, Valentin"]
[Result "1/2-1/2"]
[WhiteElo "2511"]
[BlackElo "2521"]
[Annotator "TA"]
[PlyCount "120"]
[EventDate "2019.05.27"]
[EventType "team-tourn"]
[EventCountry "SLO"]
[SourceTitle "playchess.com"]
[Source "ChessBase"]
[SourceQuality "1"]
[WhiteTeam "Croatia"]
[BlackTeam "Austria"]
[WhiteTeamCountry "CRO"]
[BlackTeamCountry "AUT"]

{[%evp 20,120,12,16,14,6,7,19,18,12,20,0,5,8,1,12,9,10,10,8,2,8,6,0,0,0,0,0,0,0,8,8,8,8,8,6,48,57,61,61,86,43,43,42,43,42,42,42,51,11,42,42,43,43,43,42,51,42,42,0,51,42,42,42,53,11,11,11,11,11,11,11,11,11,11,11,11,11,11,11,11,0,11,11,11,11,11,11,11,11,11,11,52,52,52,0,18,18,18,18,18,18,99]} 1. d4 Nf6 2. c4 ({Predecessor:} 2. Nf3 e6 {½-½ (43) Kozul,Z (2608)-Jianu,V (2579) Tromsoe 2014}) 2... e6 3. Nf3 d5 4. Nc3 c5 5. cxd5 Nxd5 6. e4 Nxc3 7. bxc3 cxd4 8. cxd4 Bb4+ 9. Bd2 Bxd2+ 10. Qxd2 O-O 11. Rc1 b6 {D41: Queen's Gambit Declined: Semi-Tarrasch with 5 cxd5} 12. Bd3 Bb7 13. O-O Nd7 14. Qf4 {[#]} h6 $146 (14... Nf6 15. h4 h6 16. Rfe1 Rc8 17. e5 Rxc1 18. Rxc1 Nh5 19. Qg4 Bxf3 20. gxf3 {1-0 (47) Bu,X (2729)-Dominguez Perez,L (2750) Hengshui 2019}) 15. h3 Rc8 16. Rxc8 Qxc8 17. Rc1 Qb8 18. Qxb8 Rxb8 19. Rc7 Nf6 20. Ne5 {[#] Strongly threatening f3.} Bxe4 21. Bxe4 Nxe4 22. Rxa7 $11 {[%mdl 4096] Endgame KRN-KRN} Rd8 23. Rxf7 Rxd4 24. Rb7 Ra4 25. Rb8+ Kh7 26. Rxb6 Rxa2 27. Nd3 Rd2 {[#] aiming for ...Rd1+.} (27... e5 {keeps more tension.} 28. Re6 Ra1+ 29. Kh2 Ra2 30. f4 Nd2) 28. Rxe6 Rxd3 29. Rxe4 $14 {KR-KR} g5 30. g3 h5 31. Re6 Kg7 32. Kg2 Ra3 33. Re3 Ra2 34. Kf3 Kf6 (34... g4+ $5 35. hxg4 hxg4+ 36. Kxg4 Rxf2 $11) 35. Rd3 Rb2 36. Rd6+ Kg7 37. Ke3 Ra2 38. Rd7+ Kg6 39. Rd6+ Kg7 40. Rd2 Ra4 41. Rd4 Ra2 42. g4 hxg4 43. hxg4 Rb2 44. Rc4 Ra2 45. Rc7+ Kg6 46. Rc6+ Kg7 47. Rd6 Rb2 48. f3 Rb4 49. Rd7+ Kg6 50. Rd6+ Kg7 51. Rd4 Rb5 52. Rd7+ Kg6 53. Rd6+ Kg7 54. Ke4 Rb4+ 55. Rd4 Rb5 56. Rd5 Rb4+ 57. Rd4 Rb5 {The position is equal.} 58. Rd7+ Kg6 59. Rd6+ Kg7 60. Re6 Rb4+ {Accuracy: White = 58%, Black = 65%.} (60... Rb3 $11 {remains equal.}) 1/2-1/2

[Event "Mitropa Cup Open 2019"]
[Site "Radenci"]
[Date "2019.05.31"]
[Round "5.14"]
[White "Blohberger, Felix"]
[Black "Kovacevic, Blazimir"]
[Result "1/2-1/2"]
[WhiteElo "2475"]
[BlackElo "2456"]
[Annotator "ChessBase"]
[PlyCount "54"]
[EventDate "2019.05.27"]
[EventType "team-tourn"]
[EventCountry "SLO"]
[SourceTitle "playchess.com"]
[Source "ChessBase"]
[SourceQuality "1"]
[WhiteTeam "Austria"]
[BlackTeam "Croatia"]
[WhiteTeamCountry "AUT"]
[BlackTeamCountry "CRO"]
[TimeControl "40/5400+30:1800+30"]

1. e4 {[%emt 0:00:00]} e6 {[%emt 0:00:00]} 2. d4 {[%emt 0:00:00]} d5 {[%emt 0:00:00]} 3. Nd2 {[%emt 0:00:08]} Be7 {[%emt 0:00:00]} 4. Ngf3 {[%emt 0:01:00]} Nf6 {[%emt 0:00:14]} 5. e5 {[%emt 0:00:18]} Nfd7 {[%emt 0:00:06]} 6. Bd3 {[%emt 0:00:21]} c5 {[%emt 0:00:08]} 7. c3 {[%emt 0:00:14]} b6 {[%emt 0:00:11]} 8. Qe2 {[%emt 0:10:46]} a5 {[%emt 0:00:37]} 9. a4 {[%emt 0:01:49]} Ba6 {[%emt 0:00:36]} 10. Nb1 {[%emt 0:03:16]} Bxd3 {[%emt 0:06:22]} 11. Qxd3 {[%emt 0:00:15]} Nc6 {[%emt 0:00:27]} 12. Na3 {[%emt 0:02:16]} cxd4 {[%emt 0:11:04]} 13. cxd4 {[%emt 0:00:06]} Nb4 {[%emt 0:01:37]} 14. Qe2 {[%emt 0:02:30]} Nb8 {[%emt 0:09:52]} 15. O-O {[%emt 0:01:35]} O-O {[%emt 0:01:39]} 16. Bf4 {[%emt 0:02:56]} N8c6 {[%emt 0:01:47]} 17. Rfc1 {[%emt 0:02:40]} Qd7 {[%emt 0:07:44]} 18. Nb5 {[%emt 0:06:01]} Rfc8 {[%emt 0:03:30]} 19. Rc3 {[%emt 0:03:14]} Na7 {[%emt 0:06:16]} 20. Rac1 {[%emt 0:07:17]} Na2 {[%emt 0:02:13]} 21. Rxc8+ {[%emt 0:00:57]} Rxc8 {[%emt 0:00:04]} 22. Rxc8+ {[%emt 0:00:19]} Nxc8 {[%emt 0:00:04]} 23. Qc2 {[%emt 0:01:49]} Nb4 {[%emt 0:01:28]} 24. Qc3 {[%emt 0:01:45]} Nc6 {[%emt 0:08:21]} 25. Qc2 {[%emt 0:10:16]} Nb4 {[%emt 0:03:06]} 26. Qc3 {[%emt 0:01:54]} Nc6 {[%emt 0:00:12]} 27. Qc2 {[%emt 0:07:11]} Nb4 {[%emt 0:00:02]} 1/2-1/2

[Event "Mitropa Cup Open 2019"]
[Site "Radenci"]
[Date "2019.05.31"]
[Round "5.15"]
[White "Tica, Sven"]
[Black "Mesaros, Florian"]
[Result "0-1"]
[WhiteElo "2417"]
[BlackElo "2439"]
[Annotator "ChessBase"]
[PlyCount "78"]
[EventDate "2019.05.27"]
[EventType "team-tourn"]
[EventCountry "SLO"]
[SourceTitle "playchess.com"]
[Source "ChessBase"]
[SourceQuality "1"]
[WhiteTeam "Croatia"]
[BlackTeam "Austria"]
[WhiteTeamCountry "CRO"]
[BlackTeamCountry "AUT"]
[TimeControl "40/5400+30:1800+30"]

1. d4 {[%emt 0:00:00]} Nf6 {[%emt 0:00:00]} 2. c4 {[%emt 0:00:00]} e6 {[%emt 0:00:00]} 3. g3 {[%emt 0:00:00]} d5 {[%emt 0:00:00]} 4. Bg2 {[%emt 0:00:02]} Bb4+ {[%emt 0:00:11]} 5. Bd2 {[%emt 0:00:07]} Be7 {[%emt 0:00:09]} 6. Nf3 {[%emt 0:00:07]} Ne4 {[%emt 0:00:32]} 7. O-O {[%emt 0:03:04]} c6 {[%emt 0:00:59]} 8. Qc2 {[%emt 0:04:02]} Nd7 {[%emt 0:00:21]} 9. Bf4 {[%emt 0:03:07]} g5 {[%emt 0:10:39]} 10. cxd5 {[%emt 0:01:19]} exd5 {[%emt 0:02:21]} 11. Be3 {[%emt 0:00:59]} h5 {[%emt 0:03:14]} 12. Nfd2 {[%emt 0:06:40]} Nd6 {[%emt 0:02:02]} 13. f3 {[%emt 0:06:23]} h4 {[%emt 0:02:01]} 14. Bf2 {[%emt 0:01:38]} hxg3 {[%emt 0:02:30]} 15. hxg3 {[%emt 0:02:07]} Nb6 {[%emt 0:03:29]} 16. e4 {[%emt 0:03:04]} Be6 {[%emt 0:13:56]} 17. Nc3 {[%emt 0:02:43]} Qd7 {[%emt 0:06:59]} 18. Rfe1 {[%emt 0:04:33]} O-O-O {[%emt 0:06:20]} 19. a4 {[%emt 0:05:43]} Bh3 {[%emt 0:05:16]} 20. Bh1 {[%emt 0:04:54]} dxe4 {[%emt 0:05:01]} 21. fxe4 {[%emt 0:05:11]} Nbc4 {[%emt 0:07:49]} 22. Nxc4 {[%emt 0:02:44]} Nxc4 {[%emt 0:00:21]} 23. Bf3 {[%emt 0:18:38]} Bg4 {[%emt 0:02:24]} 24. Bg2 {[%emt 0:00:29]} Kb8 {[%emt 0:04:19]} 25. b3 {[%emt 0:01:34]} Nd6 {[%emt 0:00:42]} 26. e5 {[%emt 0:01:09]} Nf5 {[%emt 0:01:38]} 27. d5 {[%emt 0:00:38]} cxd5 {[%emt 0:01:23]} 28. Nxd5 {[%emt 0:00:38]} Bh3 {[%emt 0:04:29]} 29. Bf3 {[%emt 0:02:20]} Rc8 {[%emt 0:00:15]} 30. Qb2 {[%emt 0:05:15]} Bg4 {[%emt 0:02:16]} 31. Be4 {[%emt 0:01:52]} Qe6 {[%emt 0:02:00]} 32. Rac1 {[%emt 0:04:50]} Rcd8 {[%emt 0:03:37]} 33. Nxe7 {[%emt 0:01:04]} Nxe7 {[%emt 0:00:33]} 34. Bc5 {[%emt 0:00:15]} Bf5 {[%emt 0:02:57]} 35. Bd6+ {[%emt 0:00:40]} Ka8 {[%emt 0:00:59]} 36. Bxb7+ {[%emt 0:01:14]} Kxb7 {[%emt 0:00:02]} 37. Rc7+ {[%emt 0:00:10]} Ka8 {[%emt 0:01:08]} 38. Qf2 {[%emt 0:01:50]} Nc6 {[%emt 0:01:15]} 39. Qf3 {[%emt 0:00:48]} Rxd6 {[%emt 0:00:43]} 0-1